000 00397nam a2200169Ia 4500
001 3375
003 IN-NITTTR
005 20251114232947.0
008 251113s9999||||xx |||||||||||||| ||eng||
040 _beng
040 _cIN-NITTTR
041 _aeng
082 _a371.333 S16A
100 _aSaettler, Paul
245 2 _aA history of instructional technology /
_cSaettler, Paul
942 _2ddc
_cBK
999 _c5702
_d5702